000 01149nam a2200289 i 4500
001 188061
003 SpMaBN
005 20250824052202.0
008 180420s1970 sp |||| |dspa d
080 _a821.134.2-22"16"
100 1 _aCalderón de la Barca, Pedro,
_d1600-1681
_eaut
_9239594
245 1 0 _aComedias religiosas
_b: La devoción de la cruz ; El mágico prodigioso /
_cCalderón de la Barca ; edición, prólogo y notas de Ángel Valbuena Prat.
250 _a5ª ed.
260 _aMadrid :
_bEspasa-Calpe,
_c1970.
300 _a230 p. ;
_c19 cm.
490 1 _aClásicos castellanos ;
_v106
500 _aDonat. herederos de la bibl. de M.ª del Pilar Costa Palacín
655 0 _aTeatro
_9234794
700 1 _aValbuena Prat, Ángel,
_d1900-1977
_9112459
_epbl
740 3 2 _aLa devoción de la cruz.
740 3 2 _aEl mágico prodigioso.
830 0 0 _aClásicos castellanos (Espasa-Calpe)
_v106
_9183802
852 _aES-MaACL
_cDEPO2
_hDonat. herederos de la bibl. de Mª del Pilar Costa Palacín
_jL-31941
_xCartoné
942 _2udc
_cMONOGRAFIA
_n0
999 _c188061
_d188061